The Kashmir saga, (Record no. 69160)

MARC details
000 -LEADER
fixed length control field 00608cam a22002051 4500
001 - CONTROL NUMBER
control field sa 66003899
003 - CONTROL NUMBER IDENTIFIER
control field DLC
005 - DATE AND TIME OF LATEST TRANSACTION
control field 20260227112239.0
008 - FIXED-LENGTH DATA ELEMENTS--GENERAL INFORMATION
fixed length control field 820922s1965 ii abc 000 0 eng
010 ## - LIBRARY OF CONGRESS CONTROL NUMBER
LC control number sa 66003899
035 ## - SYSTEM CONTROL NUMBER
System control number (OCoLC)8797436
040 ## - CATALOGING SOURCE
Original cataloging agency DLC
Transcribing agency MoU
Modifying agency DLC
042 ## - AUTHENTICATION CODE
Authentication code premarc
050 00 - LIBRARY OF CONGRESS CALL NUMBER
Classification number DS485.K2
Item number I3
100 1# - MAIN ENTRY--PERSONAL NAME
Personal name Mohammed Ibrahim, Sardar,
Dates associated with a name 1915-2003.
245 14 - TITLE STATEMENT
Title The Kashmir saga,
Statement of responsibility, etc. by M. Ibrahim Khan.
260 ## - PUBLICATION, DISTRIBUTION, ETC.
Place of publication, distribution, etc. Lahore,
Name of publisher, distributor, etc. Ripon Print. Press,
Date of publication, distribution, etc. 1965.
300 ## - PHYSICAL DESCRIPTION
Extent 228 p.
Other physical details illus., fold. map, ports.
Dimensions 23 cm.
651 #0 - SUBJECT ADDED ENTRY--GEOGRAPHIC NAME
Geographic name Jammu and Kashmir (India)
General subdivision Politics and government.

No items available.

Powered by Koha